00521nam a22001697a 450000500170000001000150001702000270003203500130005903700130007210000220008524500730010725000120018026000310019227000800022330000290030350000190033220130710141942.0 aENG-107933 c2195.00a9788180388187 aEN-91466 bDBAD/PUB aBhadbhade, Nilima00aPollock & Mulla the Indian contract act, 1872 /cby Nilima Bhadbhade a14th ed aGurgaonbLexis Nexisc2013 a14th Floor, Bldg. No.10, Tower-B, DLF Cyber City, Phase-IIbGurgaone122002 accxcix, 1856p.c26cm(Hb) aIncludes index